01345nac a22003257a 4500001001000000003000900010005001700019008003400036040005400070072000800124090001900132100001600151110008400167245013800251246013700389260003900526300000900565490011900574650001100693650001500704650001800719650001300737650001600750650001200766650001200778909004700790942001700837999001900854952014600873BR8500453BR-BrBNA20240105120232.0230509b bl.|||m| |||| 00| 0 por d aBR-BrBNAbporcBiblioteca Nacional de Agricultura aH20 a1410 BR85004531 aLopes, E.B.1 aEmpresa Estadual de Pesquisa Agropecuaria da Paraiba S.A., Joao Pessoa (Brasil)1 aDoencas de importancia economica na cultura do feijao comum no estado da Paraiba [Phaseolus vulgaris, fungo, bacteria, virus, Brasil]1 a[Economically important diseases in bean crop, usual in the state of Paraiba [Phaseolus vulgaris, fungus, bacterium, virus, Brazil]]3 aJoao Pessoa, PB (Brasil): c1984.  a4 p. aPesquisa em Andamento - Empresa Estadual de Pesquisa Agropecuaria da Paraiba S.A. (Brazil)vno. 18xISSN 0101-9406 aFEIJAO aANTRACNOSE aCERCOSPORIOSE aFERRUGEM aCRESTAMENTO aMOSAICO aPARAIBA a202312bLúcia Elandec55dLúcia Elande 2AGRISn0cMS c278451d278451 002AGRIS40708Acervo Gerala41918b41918cAGROBASEl0o1410 BR8500453p1410 BR8500453r2023-12-18yMSePortaria Interministerial nº 164/94